[Event "Pan American-ch U20 Girls"]
[Site "Pereira"]
[Date "2022.08.27"]
[Round "8"]
[White "Lobo Meneses, Natalia"]
[Black "Medina Baquiro, Paula Andrea"]
[Result "1-0"]
[WhiteElo "1319"]
[BlackElo "1235"]
[PlyCount "93"]
[EventDate "2022.08.23"]
[EventType "swiss"]
[EventRounds "9"]
[EventCountry "COL"]
[SourceTitle "CBM 210 Extra"]
[Source "ChessBase"]
[SourceDate "2022.11.30"]
[SourceVersion "1"]
[SourceVersionDate "2022.11.30"]
[SourceQuality "1"]

1. e4 c5 2. Nf3 d6 3. g3 Nf6 4. d3 g6 5. Bg2 Bg7 6. 0-0 0-0 7. a4 Nc6 8. c3 e6 9. Qe2 Qc7 10. Rd1 e5 11. Nbd2 b6 12. Nf1 Ba6 13. h4 Rad8 14. N1h2 Qd7 15. Bg5 h6 16. Bc1 Ng4 17. Bh3 h5 18. Ne1 Qe7 19. Bxg4 hxg4 20. Nxg4 Bc8 21. Ng2 Bxg4 22. Qxg4 Qd7 23. Qxd7 Rxd7 24. Ne3 Rfd8 25. Kg2 Na5 26. Ra3 Bh6 27. Nd5 Bg7 28. Bg5 Re8 29. f4 c4 30. Bf6 exf4 31. gxf4 cxd3 32. Kf3 Re6 33. Bxg7 Kxg7 34. Rxd3 f5 35. exf5 gxf5 36. b3 Rh6 37. Ne3 Kf6 38. b4 Nb7 39. Rd5 Rh5 40. Ng2 Ke6 41. c4 Kf6 42. Rad3 Ke6 43. Kg3 Rg7+ 44. Kh3 Rgh7 45. Rg3 Kf6 46. Rg5 R7h6 47. Rdxf5+ 1-0